Steal My Girl- One Direction (all lyrics) - Statistics

General Stats
  • This quiz has been taken 767 times
  • The average score is 300 of 346
Answer Stats
Hint Answer % Correct
my
99%
girl
98%
girl)
98%
she
98%
She
98%
(She
98%
steal
98%
when
98%
every
97%
Her
97%
her
97%
I
97%
me
96%
me)
96%
me,
96%
na-na
96%
na-na-na-na
96%
Post-Chorus na-na-na-na-na-na
96%
the
96%
The
96%
Chorus Everybody
95%
take
95%
to
95%
away
94%
away)
94%
wanna
93%
heart
92%
one
92%
belongs
91%
'cause
91%
in
91%
world
91%
we
90%
We
90%
whole
90%
another
88%
know,
88%
know
88%
Couple
87%
Find
87%
find
87%
want
87%
wide
87%
Alright,
86%
alright
86%
(Alright)
86%
so
86%
were
86%
billion
85%
same
84%
Verse 1 She's
84%
she's
84%
since
84%
sixteen
84%
is
83%
queen
83%
for
82%
'Love'
82%
love
82%
dream
81%
things
81%
calls
80%
dad
80%
'Son'
80%
sure
80%
dreams
79%
been
78%
(Oh,
75%
Oh,
75%
all
73%
it
72%
yeah)
72%
yeah;
72%
mum
69%
got
68%
And
64%
jeans
64%
That
64%
dont
63%
don't
63%
have
63%
those
63%
doesn't
60%
never
60%
turn
60%
if
58%
knows,
58%
knows
58%
sun
58%
let
57%
shine
57%
Pre-Chorus But
56%
walk
55%
down
53%
exist
53%
from
53%
before
52%
jaw
52%
drops
50%
mean
50%
like
47%
now
45%
Verse 2 Kisses
44%
gonna
43%
I'm
43%
(Wants
39%
cream,
32%
(Well,
16%
No matching quizzes found
Score Distribution
Percent of People with Each Score
Percentile by Number Answered
Your Score History
You have not taken this quiz